<?xml version="1.0" encoding="UTF-8"?>
<record
    xmlns:xsi="http://www.w3.org/2001/XMLSchema-instance"
    xsi:schemaLocation="http://www.loc.gov/MARC21/slim http://www.loc.gov/standards/marcxml/schema/MARC21slim.xsd"
    xmlns="http://www.loc.gov/MARC21/slim">

  <leader>02643nam a2200313 a 4500</leader>
  <controlfield tag="001">000000397893</controlfield>
  <controlfield tag="003">IT-MiSPE</controlfield>
  <controlfield tag="005">20250324144906.0</controlfield>
  <controlfield tag="008">111212s2011    it            001 u ita d</controlfield>
  <datafield tag="020" ind1=" " ind2=" ">
    <subfield code="a">9788845264634</subfield>
    <subfield code="c">85,00 &#x20AC;</subfield>
  </datafield>
  <datafield tag="040" ind1=" " ind2=" ">
    <subfield code="a">IT-MiSPE</subfield>
    <subfield code="b">ita</subfield>
    <subfield code="d">ip</subfield>
    <subfield code="c">IT-MiSPE</subfield>
  </datafield>
  <datafield tag="041" ind1="0" ind2=" ">
    <subfield code="a">ita lat</subfield>
    <subfield code="h">lat</subfield>
  </datafield>
  <datafield tag="082" ind1=" " ind2=" ">
    <subfield code="a">195-MAR fi te (ppv 23404)</subfield>
  </datafield>
  <datafield tag="100" ind1="1" ind2=" ">
    <subfield code="a">Ficino, Marsilio,</subfield>
    <subfield code="d">1433-1499.</subfield>
    <subfield code="9">61979</subfield>
  </datafield>
  <datafield tag="245" ind1="1" ind2="0">
    <subfield code="a">Teologia platonica /</subfield>
    <subfield code="c">Marsilio Ficino ; saggio introduttivo, traduzione, note e apparati di Errico Vitale.</subfield>
  </datafield>
  <datafield tag="260" ind1=" " ind2=" ">
    <subfield code="a">Milano :</subfield>
    <subfield code="b">Bompiani,</subfield>
    <subfield code="c">&#xA9;2011.</subfield>
  </datafield>
  <datafield tag="300" ind1=" " ind2=" ">
    <subfield code="a">xci, 2049 p. ;</subfield>
    <subfield code="c">22 cm</subfield>
  </datafield>
  <datafield tag="490" ind1="1" ind2=" ">
    <subfield code="a">Il pensiero occidentale</subfield>
  </datafield>
  <datafield tag="504" ind1=" " ind2=" ">
    <subfield code="a">Contiene riferimenti bibliografici e indici</subfield>
  </datafield>
  <datafield tag="520" ind1=" " ind2=" ">
    <subfield code="a">Marsilio Ficino (1433-1499) &#xE8; tra i maggiori filosofi del Quattrocento. Dalla personalit&#xE0; complessa, egli fu insieme medico, astrologo, teologo, filologo e filosofo, fine traduttore e interprete e sottile pensatore, tanto votato alla pi&#xF9; astratta speculazione dialettica, quanto consacrato all'impegno presbiterale, secondo una particolare visione del rapporto tra ricerca filosofica e dignit&#xE0; sacerdotale, fondata sull'unit&#xE0; di ''sapientia'' e ''religio''. Se gli va ascritto il merito di avere, alle soglie dell'et&#xE0; moderna, offerto al mondo latino la conoscenza dei testi fondamentali della tradizione platonica greca, primi fra tutti il ''Corpus platonicum'' e le ''Enneadi'' plotiniane, che ebbero sulla coscienza occidentale un influsso equiparabile a quello esercitato dalle opere di Aristotele sul pensiero medioevale del XIII secolo, nondimeno va riconosciuto che, assumendosi consapevolmente e pienamente il compito di affiancare alle traduzioni che andava svolgendo i necessari strumenti ermeneutici, quali introduzioni e commentari, da un lato egli seppe realizzare una sintesi dottrinaria che assurge alla dignit&#xE0; di un autentico sistema filosofico; dall'altro, come ha affermato il Vasoli, concorse in modo decisivo alla ''nascita'' di una nuova immagine e di un nuovo linguaggio della filosofia, non pi&#xF9; patrimonio esclusivo dei magistri, ma presente e operante nella cultura di letterati e filologi, storici e uomini politici e, addirittura, di un nuovo ceto di tecnici e ''artisti'', contribuendo alla fine dell'egemonia aristotelica in seno alle universit&#xE0;. </subfield>
  </datafield>
  <datafield tag="546" ind1=" " ind2=" ">
    <subfield code="a">Traduzione italiana con testo latino a fronte</subfield>
  </datafield>
  <datafield tag="655" ind1=" " ind2="7">
    <subfield code="a">Umanesimo</subfield>
    <subfield code="x">Ficino, Marsilio (1433-1499)</subfield>
    <subfield code="9">61980</subfield>
  </datafield>
  <datafield tag="700" ind1="1" ind2=" ">
    <subfield code="a">Vitale, Errico,</subfield>
    <subfield code="e">ed.</subfield>
    <subfield code="d">1964-</subfield>
    <subfield code="9">61981</subfield>
  </datafield>
  <datafield tag="830" ind1=" " ind2="3">
    <subfield code="a">Il pensiero occidentale.</subfield>
    <subfield code="9">57173</subfield>
  </datafield>
  <datafield tag="942" ind1=" " ind2=" ">
    <subfield code="2">ddc</subfield>
    <subfield code="c">BK</subfield>
  </datafield>
  <datafield tag="990" ind1="1" ind2="0">
    <subfield code="a">90001a</subfield>
    <subfield code="b">10001ad</subfield>
  </datafield>
  <datafield tag="999" ind1=" " ind2=" ">
    <subfield code="c">360466</subfield>
    <subfield code="d">360466</subfield>
  </datafield>
  <datafield tag="952" ind1=" " ind2=" ">
    <subfield code="0">0</subfield>
    <subfield code="1">0</subfield>
    <subfield code="2">ddc</subfield>
    <subfield code="4">0</subfield>
    <subfield code="6">195MAR_FI_TE_PPV_23404</subfield>
    <subfield code="7">1</subfield>
    <subfield code="a">CINISELLO</subfield>
    <subfield code="b">CINISELLO</subfield>
    <subfield code="d">2025-03-24</subfield>
    <subfield code="l">0</subfield>
    <subfield code="o">195-MAR fi te (ppv 23404)</subfield>
    <subfield code="p">9788845264634</subfield>
    <subfield code="r">2025-03-24 14:49:45</subfield>
    <subfield code="w">2025-03-24</subfield>
    <subfield code="y">BK</subfield>
  </datafield>
</record>
